MARC

Tag First Indicator Second Indicator Subfields
LEADER 00000cam a2200000 i 4500
001 in00005632413
006 m o d
007 cr bn|---uuuuu
007 cr nn|---auauu
008 890703s1990 ncuaf ob 001 0deng d
005 20250331200924.9
035 |a (OCoLC)ocm76413369  
040 |a QCL  |b eng  |e pn  |c QCL  |d BAKER  |d PUL  |d ALSTP  |d OCLCQ  |d OCLCO  |d OCLCQ  |d IUA  |d EBLCP  |d YDXCP  |d OCLCQ  |d RRP  |d OCLCF  |d INARC  |d OCLCA  |d INT  |d OCLCQ  |d YOU  |d OCLCQ  |d OCLCO  |d UKAHL  |d OCL  |d OCLCQ  |d OCL  |d OCLCO  |d OCLCL  |d OCLCQ 
019 |a 593551644  |a 747782046  |a 839712915  |a 883570024  |a 1100954786  |a 1178595073  |a 1256281575  |a 1410913244 
020 |a 0807818976 
020 |a 9780807818978 
020 |a 0807842737  |q (pbk.) 
020 |a 9780807842737  |q (pbk.) 
020 |a 9781469620794  |q (e-book) 
020 |a 1469620790 
020 |a 9798890864871  |q (e-book) 
035 |a (OCoLC)76413369  |z (OCoLC)593551644  |z (OCoLC)747782046  |z (OCoLC)839712915  |z (OCoLC)883570024  |z (OCoLC)1100954786  |z (OCoLC)1178595073  |z (OCoLC)1256281575  |z (OCoLC)1410913244 
043 |a n-us-ga  |a n-usu--  |a n-us--- 
050 4 |a F213  |b .T44 1990 
082 0 4 |a 975  |2 20 
049 |a TXAM 
100 1 |a Thomas, Ella Gertrude Clanton. 
245 1 4 |a The secret eye :  |b the journal of Ella Gertrude Clanton Thomas, 1848-1889 /  |c edited by Virginia Ingraham Burr ; introduction by Nell Irvin Painter. 
260 |a Chapel Hill :  |b University of North Carolina Press,  |c ©1990. 
300 |a 1 online resource (xvii, 469 pages, 4 unnumbered pages of plates) :  |b illustrations. 
336 |a text  |b txt  |2 rdacontent 
337 |a computer  |b c  |2 rdamedia 
338 |a online resource  |b cr  |2 rdacarrier 
490 1 |a Gender & American culture 
504 |a Includes bibliographical references. 
588 0 |a Print version record. 
600 1 0 |a Thomas, Ella Gertrude Clanton  |v Diaries. 
600 1 7 |a Thomas, Ella Gertrude Clanton.  |2 fast  |0 (OCoLC)fst00253370  |1 https://id.oclc.org/worldcat/entity/E39PBJjXfRXJxTBCbcBqrQMVmd 
650 0 |a Women  |z Southern States  |x History  |y 19th century. 
650 0 |a Women  |z Georgia  |x History  |y 19th century. 
650 0 |a Reconstruction. 
650 0 |a Women  |z Georgia  |v Diaries. 
651 0 |a Southern States  |x Social life and customs  |y 1775-1865. 
651 0 |a Southern States  |x Social life and customs  |y 1865- 
651 0 |a Georgia  |x Social life and customs. 
651 0 |a United States  |x History  |y Civil War, 1861-1865  |v Personal narratives, Confederate. 
651 0 |a Georgia  |v Biography. 
650 6 |a Femmes  |z États-Unis (Sud)  |x Histoire  |y 19e siècle. 
651 6 |a États-Unis (Sud)  |x Mœurs et coutumes  |y 1865- 
651 6 |a États-Unis  |x Histoire  |y 1861-1865 (Guerre de Sécession)  |v Récits personnels des confédérés. 
651 6 |a Géorgie (État)  |v Biographies. 
650 7 |a Manners and customs.  |2 fast  |0 (OCoLC)fst01007815 
650 7 |a Women.  |2 fast  |0 (OCoLC)fst01176568 
651 7 |a Georgia.  |2 fast  |0 (OCoLC)fst01204622  |1 https://id.oclc.org/worldcat/entity/E39QbtfRqxTprd8K9cKJmxr4Wc 
651 7 |a Southern States.  |2 fast  |0 (OCoLC)fst01244550 
651 7 |a United States.  |2 fast  |0 (OCoLC)fst01204155  |1 https://id.oclc.org/worldcat/entity/E39PBJtxgQXMWqmjMjjwXRHgrq 
647 7 |a American Civil War  |c (United States :  |d 1861-1865)  |2 fast  |0 (OCoLC)fst01351658  |1 https://id.oclc.org/worldcat/entity/E39Qhp4vB9RxkMwD8h64CPrTGb 
648 7 |a Since 1775  |2 fast 
655 7 |a Electronic books.  |2 local 
655 7 |a Biographies.  |2 fast  |0 (OCoLC)fst01919896 
655 7 |a Diaries.  |2 fast  |0 (OCoLC)fst01423794 
655 7 |a History.  |2 fast  |0 (OCoLC)fst01411628 
655 7 |a Personal narratives  |v Confederate.  |2 fast  |0 (OCoLC)fst01423844 
700 1 |a Burr, Virginia Ingraham. 
710 2 |a Alexander Street (Firm) 
730 0 |a North American women's letters and diaries. 
758 |i has work:  |a The secret eye (Text)  |1 https://id.oclc.org/worldcat/entity/E39PCGJmcQvMYCQM9FKkpWxBCP  |4 https://id.oclc.org/worldcat/ontology/hasWork 
776 0 8 |i Print version:  |a Thomas, Ella Gertrude Clanton.  |t Secret eye.  |d Chapel Hill : University of North Carolina Press, ©1990  |w (DLC) 89037188 
830 0 |a Gender & American culture. 
856 4 0 |u http://proxy.library.tamu.edu/login?url=https://www.aspresolver.com/aspresolver.asp?NWLD;S616  |z Connect to the full text of this electronic book  |t 0 
936 |a BATCHLOAD 
955 |a Alexander Street - North American Women's Letters and Diaries 
994 |a 92  |b TXA 
999 f f |s 61fd6e61-a1d3-4d96-bfe3-e3b358d9727d  |i 67f7ab84-0ebe-4868-9f0d-c99332c14c9a  |t 0 
952 f f |a Texas A&M University  |b College Station  |c Electronic Resources  |d Available Online  |t 0  |e F213 .T44 1990  |h Library of Congress classification 
998 f f |a F213 .T44 1990  |t 0  |l Available Online